Fly ash for soil improvement : (Record no. 549904)

000 -LEADER
fixed length control field 02216mam a2200229 a 4500
020 ## - INTERNATIONAL STANDARD BOOK NUMBER
International Standard Book Number 0872629864
082 00 - DEWEY DECIMAL CLASSIFICATION NUMBER
Classification number 624.151363
Author Mark FLY
-- L-39, P-189
245 00 - TITLE STATEMENT
Title Fly ash for soil improvement :
Remainder of title proceedings of sessions sponsored by Committees on Soil Improvement and Geosynthetics of the Geotechnical Engineering Division of the American Society of Civil Engineers in conjunction with the ASCE Convention in Dallas, Texas, October 24-28, 1993 /
Statement of responsibility, etc. edited by Kevan D. Sharp.
260 ## - PUBLICATION, DISTRIBUTION, ETC.
Place of publication, distribution, etc. New York :
Name of publisher, distributor, etc. American Society of Civil Engineers,
Date of publication, distribution, etc. c1993.
300 ## - PHYSICAL DESCRIPTION
Extent v, 119 p. :
Other physical details ill. ;
Dimensions 22 cm.
490 1# - SERIES STATEMENT
Series statement Geotechnical special publication ;
505 0# - FORMATTED CONTENTS NOTE
Formatted contents note Use of Self-Cementing Fly Ashes as a Soil Stabilization Agent / Glen Ferguson -- Fly Ash Stabilization of Tropical Hawaiian Soils / Peter G. Nicholson and Vinai Kashyap -- Stabilization of South Texas Soils with Fly Ash / M. Saleh Keshawarz and Utpal Dutta -- Enzyme Enhanced Stabilization of Soil and Fly Ash / Lutful I. Khan and Mohammad Sarker -- Stabilization of Industrial Wastes / Robert L. Smith -- Lime Sludge Amended Fly Ash for Utilization as an Engineering Material / M. H. Maher, J. M. Butziger, D. L. DiSalvo and I. S. Oweis -- A Study of Engineering Properties of a Clay Modified by Fly Ash and Slag / Shi-Chih Chu and Hsiang-Sheng Kao -- Treatment of Calcareous Expansive Clays / Sahel N. Abduljauwad.
520 ## - SUMMARY, ETC.
Summary, etc. Fly Ash for Soil Improvement provides civil and geotechnical engineers with a contemporary review of the beneficial uses of fly ash for both general construction purposes and for waste containment/soil stabilization.
520 8# - SUMMARY, ETC.
Summary, etc. Peer-reviewed papers describe the use of self-cementing fly ashes as a soil stabilization agent; fly ash stabilization of tropical Hawaiian soils, south Texas soils, and industrial wastes; enzyme-enhanced stabilization; lime sludge amended fly ash; calcareous expansive clays; and engineering properties of a clay modified by fly ash and slag.
526 ## - STUDY PROGRAM INFORMATION NOTE
Program name 0
Interest level 0
Reading level 0
Title point value 624_151363000000000_FLY
650 #0 - SUBJECT ADDED ENTRY--TOPICAL TERM
Topical term or geographic name entry element Fly ash
9 (RLIN) 21233
650 #0 - SUBJECT ADDED ENTRY--TOPICAL TERM
Topical term or geographic name entry element MCE
9 (RLIN) 379
650 #0 - SUBJECT ADDED ENTRY--TOPICAL TERM
Topical term or geographic name entry element Soil stabilization
9 (RLIN) 13080
700 1# - ADDED ENTRY--PERSONAL NAME
Personal name Sharp, Kevan D.
9 (RLIN) 46602
710 2# - ADDED ENTRY--CORPORATE NAME
Corporate name or jurisdiction name as entry element American Society of Civil Engineers.
9 (RLIN) 702
942 ## - ADDED ENTRY ELEMENTS (KOHA)
Source of classification or shelving scheme
Koha item type Book
Holdings
Withdrawn status Lost status Source of classification or shelving scheme Damaged status Not for loan Permanent Location Current Location Date acquired Total Checkouts Full call number Barcode Date last seen Price effective from Koha item type
          Military College of Engineering (MCE) Military College of Engineering (MCE) 10/16/2014   624.1/51363 FLY MCE-43515 10/16/2014 10/16/2014 Book
© 2023 Central Library, National University of Sciences and Technology. All Rights Reserved.